Top 10 Smallest US States by Population - Statistics

General Stats
  • This quiz has been taken 4,174 times
  • The average score is 9 of 10
Answer Stats
Population State % Correct
1,056,298 Rhode Island
90%
626,042 Vermont
88%
586,107 Wyoming
87%
756,927 North Dakota
86%
858,469 South Dakota
85%
1,329,328 Maine
84%
1,032,949 Montana
84%
1,330,608 New Hampshire
84%
738,432 Alaska
83%
945,934 Delaware
80%
No matching quizzes found
Score Distribution
Percent of People with Each Score
Percentile by Number Answered
Your Score History
You have not taken this quiz